000 00425nji a22001697a 4500
003 koha_MIRAKIL
005 20231213065241.0
008 231213b |||||||| |||| 00| 0 ||| d
020 _b0-19-423298-0
040 _aTR-IsEVY
_btur
_cTR-IsEVY
082 _a420 WIL/T
100 _aWILDE, OSCAR.
245 4 _aTHE CANTERVILLE GHOST.
260 _bOXFORD UNIVERSITY PRESS,
_c2002
650 _aİngiliz Dili.
942 _2ddc
_cAU
999 _c454
_d454